[Event "National-chT China 2017"]
[Site "Beijing"]
[Date "2017.06.14"]
[Round "9"]
[White "Zhang, Xiao"]
[Black "Wen, Yili"]
[Result "1/2-1/2"]
[WhiteElo "1913"]
[BlackElo "1809"]
[Annotator "NA RC"]
[PlyCount "115"]
[EventDate "2017.??.??"]
[EventCountry "CHN"]
[SourceTitle "playchess.com"]
[Source "ChessBase"]
[SourceQuality "1"]
[TimeControl "40/5400+30:1800+30"]

1. d4 Nf6 2. c4 e6 3. Nf3 b6 4. g3 Ba6 5. Qa4 c5 6. Bg2 Bb7 7. O-O cxd4 8. Nxd4 Bxg2 9. Kxg2 Be7 10. Nc3 Qc8 11. e4 Qb7 12. f3 O-O 13. Bg5 d6 14. Rad1 a6 15. Rfe1 Rc8 16. Nc2 Nbd7 17. Ne3 h6 18. Bxf6 Nxf6 19. Qc2 b5 20. Qb3 Rab8 21. cxb5 axb5 22. Rd4 b4 23. Nb1 Rc6 24. Red1 Qa7 25. R1d3 Ra6 26. Rxb4 Rxb4 27. Qxb4 d5 28. Qc3 dxe4 29. fxe4 Rxa2 30. Nd2 Qb7 31. Qb3 Qa8 32. Kf3 Ra4 33. Nec4 Qc6 34. Qb8+ Kh7 35. b3 Rb4 36. Qa7 Rb7 37. Qe3 Bc5 38. Qe2 Ra7 39. Ne5 Qb7 40. Ndc4 Ra2 41. Nd2 Bb4 42. Nec4 Qb5 43. Kg2 Qb7 44. Kh3 h5 45. Rd8 g6 46. Qd3 Ng4 47. Qd4 e5 48. Qd7 Qxd7 49. Rxd7 Kg7 50. Nf3 Bc3 51. Nd6 Nh6 52. Rc7 Bd4 53. Nb5 Ng4 54. Nd6 Nh6 55. Ne8+ Kf8 56. Nd6 Kg7 57. Nc4 Ng4 58. Nd6 1/2-1/2

[Event "National-chT China 2017"]
[Site "Beijing"]
[Date "2017.06.14"]
[Round "9"]
[White "Dong, Nanxi"]
[Black "Yuan, Ye"]
[Result "0-1"]
[WhiteElo "1854"]
[BlackElo "2292"]
[Annotator "TA"]
[PlyCount "80"]
[EventDate "2017.??.??"]
[EventCountry "CHN"]
[SourceTitle "playchess.com"]
[Source "ChessBase"]
[SourceQuality "1"]

{[%evp 18,80,18,28,58,33,46,37,62,52,87,68,68,50,61,23,48,21,27,25,82,95,84,73,69,54,45,0,5,0,0,0,0,0,45,-23,-23,0,0,-8,0,-89,39,-63,0,-60,-60,-53,-54,-44,-43,-39,-35,-344,-342,-1986,-1519,-29994,-29995,-29995,-29978,-29996,-29997,-29998,-29999]} 1. d4 d5 2. c4 e6 3. Nf3 c6 4. Qc2 f5 5. g3 Bd6 6. Bg2 Nf6 7. O-O O-O 8. Nc3 Nbd7 9. Rb1 Ne4 10. b4 Ndf6 {A90: Dutch Defence: Miscellaneous and Modern Stonewall (with ...Bd6)} (10... b5 11. cxb5 Nxc3 12. Qxc3 cxb5 13. Qc6 Nb6 14. Qxb5 Nc4 15. Ne5 Bxe5 16. dxe5 Bd7 17. Qc5 Qb6 18. Be3 Nxe3 19. Qxe3 Qxe3 20. fxe3 {½-½ (31) Starke,R (2620)-Hall,R (2640) ICCF email 2012}) 11. Ne5 (11. c5 $5 {[%cal Rc5d6]} Bc7 12. Bf4 $14) 11... Nxc3 12. Qxc3 Ne4 {White is slightly better.} 13. Qc2 Bd7 14. f3 $146 ({Predecessor:} 14. b5 cxb5 15. cxd5 Bxe5 16. dxe5 exd5 17. a4 a6 18. Qd3 {0-1 (29) Ilic,Z (2297)-Glavinac,G (2164) Skopje 2014}) 14... Nf6 15. Bg5 Be8 16. a4 h6 17. Be3 (17. Bxf6 $5 gxf6 18. Nd3 $11) 17... Nd7 18. Nd3 Kh8 (18... dxc4 $11 19. Qxc4 Bf7) 19. c5 $16 Bc7 20. b5 e5 21. bxc6 bxc6 22. Nb4 f4 23. Nxc6 Qf6 24. Nxe5 $1 fxe3 25. f4 $1 Qe6 {[%cal Rd7e5]} 26. f5 (26. Qb3 $1 $14 Nf6 27. Qb7) 26... Qg8 $11 27. Nc6 {[#] Ne7 is the strong threat.} Qf7 $1 28. Rb7 Nf6 29. Nxa7 (29. Ne5 $11 Qe7 30. a5) 29... Ng4 ({Better is} 29... Rb8 $17 30. Rfb1 Ng4 31. Rxb8 Bxb8 32. Rxb8 Qxa7) 30. h3 ({White should try} 30. f6 $1 $14) 30... Nf6 (30... Rb8 $1 $15 31. c6 Rxb7 32. cxb7 Nf2) 31. Nb5 ({White should play} 31. c6 $11 Qe7 32. Nb5) 31... Bxb5 $1 $15 32. axb5 {[%cal Ba4b5,Bb5b6][%mdl 32] [#] Black must now prevent b6.} Rfb8 33. Rxb8+ Rxb8 34. b6 $1 {[%cal Rb6c7]} Bxg3 35. Ra1 $2 {[%mdl 8192]} (35. Bf3 $15) 35... Nh5 $19 36. Ra7 $2 (36. c6 Rxb6 37. Ra8+ Rb8 38. Rxb8+ Bxb8 39. Qb3) 36... Qf6 37. c6 Bf2+ {Black mates.} 38. Kh1 Ng3+ 39. Kh2 Qd6 40. Rd7 Nf1+ {Precision: White = 24%, Black = 48%.} 0-1